| 000 -CABECERA |
| Longitud fija campo de control |
00637nam a2200181 a 4500 |
| 001 - NÚMERO DE CONTROL |
| Número de control |
5610 |
| 003 - IDENTIFICADOR DEL NÚMERO DE CONTROL |
| Identificador del número de control |
CDMR |
| 005 - FECHA Y HORA DE LA ÚLTIMA TRANSACCIÓN |
| Fecha y hora de la última transacción |
20131125175452.0 |
| 008 - CÓDIGOS DE INFORMACIÓN DE LONGITUD FIJA |
| Códigos de información de longitud fija |
130130s1969||||||||||||||||||||||||||||d |
| 040 ## - FUENTE DE LA CATALOGACIÓN |
| Centro catalogador de origen |
CDMR |
| Lengua de catalogación |
cat |
| Centro transcriptor |
CDMR |
| 245 #0 - MENCIÓN DE TÍTULO |
| Título |
Textos legales |
| Resto del título |
: Prensa |
| Mención de responsabilidad, etc. |
bajo la dirección de Eduardo Martínez de Salinas |
| 260 ## - PUBLICACIÓN, DISTRIBUCIÓN, ETC. (PIE DE IMPRENTA) |
| Lugar de publicación, distribución, etc. |
Madrid |
| Fecha de publicación, distribución, etc. |
1969 |
| Nombre del editor, distribuidor, etc. |
Ministerio de Información y Turismo. Secretaria General Técnica |
| 300 ## - DESCRIPCIÓN FÍSICA |
| Extensión |
457 p. |
| 650 04 - PUNTO DE ACCESO ADICIONAL DE MATERIA - TÉRMINO DE MATERIA |
| 9 (RLIN) |
4383 |
| Término de materia o nombre geográfico como elemento inicial |
Premsa |
| Subdivisión de materia general |
Dret i legislació |
| Subdivisión geográfica |
Espanya |
| 700 1# - PUNTO DE ACCESO ADICIONAL - NOMBRE DE PERSONA |
| 9 (RLIN) |
4385 |
| Nombre de persona |
Martínez de Salinas y Mendoza, Eduardo |
| Término indicativo de función |
comp. |
| 710 1# - PUNTO DE ACCESO ADICIONAL - NOMBRE DE ENTIDAD |
| 9 (RLIN) |
4357 |
| Nombre de entidad o nombre de jurisdicción como elemento inicial |
Espanya |
| Unidad subordinada |
-- Ministerio de Información y Turismo |
| 942 ## - ENTRADA DE ELEMENTOS AGREGADOS (KOHA) |
| Koha [por defecto] tipo de item |
Monografies |
| Fuente de clasificaión o esquema |
|